[Event "SUI-chT Bodan-Joueur"]
[Site "?"]
[Date "2009.05.10"]
[Round "4.4"]
[White "Fischer, Andre"]
[Black "Sermier, Guillaume"]
[Result "0-1"]
[WhiteElo "2226"]
[BlackElo "2397"]
[PlyCount "66"]
[EventDate "2009.05.10"]
[EventRounds "4"]
[SourceDate "2001.01.01"]

1. e4 e6 2. d4 d5 3. Nc3 Bb4 4. e5 Ne7 5. a3 Bxc3+ 6. bxc3 c5 7. Nf3 Qc7 8. a4
b6 9. Bb5+ Bd7 10. O-O Bxb5 11. axb5 a5 12. Ba3 Nd7 13. Ng5 h6 14. Qh5 O-O 15.
Nf3 f6 16. exf6 Rxf6 17. dxc5 Nxc5 18. Nd2 Rc8 19. Qe2 Ng6 20. c4 Nf4 21. Qe1
Qf7 22. g3 Qg6 23. Kh1 Nh3 24. Bb2 Rf7 25. Bd4 Qxc2 26. Bxc5 Rxc5 27. Rc1 Qf5
28. f4 dxc4 29. Qe4 c3 30. Qxf5 exf5 31. Nf3 g5 32. Kg2 g4 33. Ne5 Rfc7 0-1

[Event "SUI-chT Joueur-Bodan"]
[Site "?"]
[Date "2009.05.10"]
[Round "4.5"]
[White "Lamoureux, Charles"]
[Black "Cepo, Toni"]
[Result "1-0"]
[WhiteElo "2366"]
[BlackElo "2249"]
[PlyCount "47"]
[EventDate "2009.05.10"]
[EventRounds "4"]
[SourceDate "2001.01.01"]

1. e4 e5 2. Nf3 Nc6 3. Bc4 Nf6 4. d3 Be7 5. Nbd2 d6 6. c3 O-O 7. Bb3 h6 8. Nf1
Nh7 9. Ne3 Ng5 10. Nh4 Kh7 11. Nhf5 g6 12. h4 gxf5 13. hxg5 Bxg5 14. exf5 Ne7
15. Qh5 Kg7 16. Ng4 Nxf5 17. Nxh6 Bxc1 18. Nxf5+ Bxf5 19. Qxf5 Bh6 20. Rh3 Qe7
21. Rg3+ Kh8 22. Ke2 e4 23. Rh1 exd3+ 24. Kxd3 1-0

[Event "SUI-chT Bodan-Joueur"]
[Site "?"]
[Date "2009.05.10"]
[Round "4.6"]
[White "Egle, Stefan"]
[Black "Burnier, David"]
[Result "0-1"]
[WhiteElo "2144"]
[BlackElo "2326"]
[PlyCount "58"]
[EventDate "2009.05.10"]
[EventRounds "4"]
[SourceDate "2001.01.01"]

1. d4 Nf6 2. c4 c5 3. d5 e6 4. Nc3 exd5 5. cxd5 d6 6. e4 g6 7. Nf3 Bg7 8. h3 a6
9. a4 Nbd7 10. Bd3 Nh5 11. O-O Ne5 12. Nxe5 Bxe5 13. Ne2 g5 14. Ng3 Nf4 15. Be2
h5 16. Nf5 Qf6 17. Bxf4 gxf4 18. Bxh5 Bxf5 19. exf5 Qxf5 20. Bg4 Qg5 21. Qd3
Ke7 22. Rae1 Rag8 23. Re2 f5 24. Rxe5+ dxe5 25. d6+ Kf6 26. Bf3 Rxh3 27. Rd1
Qh4 28. g3 fxg3 29. d7 Rh1+ 0-1

[Event "SUI-chT Joueur-Bodan"]
[Site "?"]
[Date "2009.05.10"]
[Round "4.7"]
[White "Lehtivaara, Petri"]
[Black "Norgauer, Michael"]
[Result "1-0"]
[WhiteElo "2360"]
[BlackElo "1979"]
[PlyCount "95"]
[EventDate "2009.05.10"]
[EventRounds "4"]
[SourceDate "2001.01.01"]

1. d4 Nf6 2. c4 c5 3. e3 e6 4. Nf3 Be7 5. Nc3 d5 6. a3 cxd4 7. exd4 O-O 8. cxd5
exd5 9. Bd3 Nc6 10. h3 Re8 11. O-O h6 12. Bf4 a6 13. Re1 Be6 14. Rc1 Rc8 15.
Bb1 Bd6 16. Bxd6 Qxd6 17. Ne5 b5 18. Re3 Bd7 19. Nxd7 Qxd7 20. Rf3 Qd6 21. Ne2
Rc7 22. Rfc3 Rec8 23. Bf5 Nd7 24. Qd2 Ne7 25. Bxd7 Qxd7 26. Rc5 Rxc5 27. dxc5
Nc6 28. Nd4 Nxd4 29. Qxd4 Qc6 30. b4 Re8 31. Rd1 Rd8 32. Re1 Kf8 33. Re3 f6 34.
h4 Re8 35. Rxe8+ Kxe8 36. Kf1 Qe6 37. Qf4 Kd7 38. Qb8 d4 39. Qb7+ Kd8 40. Qb8+
Kd7 41. Qb7+ Kd8 42. Qb6+ Kd7 43. Qxe6+ Kxe6 44. h5 f5 45. Ke2 f4 46. Kd3 f3
47. gxf3 Ke5 48. f4+ 1-0

[Event "SUI-chT Mendrisio-Reichenstein"]
[Site "?"]
[Date "2009.05.10"]
[Round "4.1"]
[White "Istratescu, Andrei"]
[Black "Sokolov, Andrei"]
[Result "1/2-1/2"]
[WhiteElo "2617"]
[BlackElo "2562"]
[PlyCount "39"]
[EventDate "2009.??.??"]
[SourceDate "2001.01.01"]

1. Nf3 Nf6 2. g3 e6 3. Bg2 d5 4. O-O Be7 5. d4 O-O 6. c4 dxc4 7. Qc2 a6 8. a4
Bd7 9. Qxc4 Bc6 10. Bg5 Bd5 11. Qc2 Be4 12. Qd1 c5 13. dxc5 Nbd7 14. Nc3 Bc6
15. b4 a5 16. b5 Bxf3 17. Bxf3 Nxc5 18. Be3 Rc8 19. Bxc5 Rxc5 20. Ne4 1/2-1/2

[Event "SUI-chT Reichenstein-Mendrisio"]
[Site "?"]
[Date "2009.05.10"]
[Round "4.2"]
[White "Riff, Jean-Noel"]
[Black "Glek, Igor"]
[Result "1/2-1/2"]
[WhiteElo "2469"]
[BlackElo "2534"]
[PlyCount "64"]
[EventDate "2009.??.??"]
[SourceDate "2001.01.01"]

1. e4 e6 2. d4 d5 3. Nc3 Nf6 4. e5 Nfd7 5. f4 c5 6. Nf3 Nc6 7. Be3 Rb8 8. Qd2
Qa5 9. Be2 b5 10. O-O b4 11. Nd1 Ba6 12. Nf2 cxd4 13. Nxd4 Nxd4 14. Bxd4 Bc5
15. Bxa6 Qxa6 16. Bxc5 Nxc5 17. Qd4 Qb6 18. Nd3 Ne4 19. Qxb6 Rxb6 20. a3 b3 21.
c3 Ke7 22. Rad1 Rc8 23. Nc1 Rc4 24. Ne2 g6 25. g3 h5 26. Rf3 g5 27. fxg5 Nxg5
28. Re3 Re4 29. Kf2 h4 30. Rd4 Rxd4 31. Nxd4 Ne4+ 32. Ke1 a5 1/2-1/2

[Event "SUI-chT Mendrisio-Reichenstein"]
[Site "?"]
[Date "2009.05.10"]
[Round "4.3"]
[White "Bellini, Fabio"]
[Black "Volke, Karsten"]
[Result "1-0"]
[WhiteElo "2480"]
[BlackElo "2462"]
[PlyCount "70"]
[EventDate "2009.??.??"]
[SourceDate "2001.01.01"]

1. e4 e5 2. Nf3 Nc6 3. Bb5 a6 4. Bxc6 dxc6 5. Nc3 Qd6 6. d3 Ne7 7. h3 Qg6 8.
Rg1 Qd6 9. Be3 Ng6 10. Qe2 c5 11. O-O-O Be7 12. Nd2 Be6 13. Nc4 Qd7 14. Qh5 f6
15. f4 exf4 16. Bxc5 O-O 17. Bxe7 Qxe7 18. Nd2 Rad8 19. Nf3 Bf7 20. Nh4 Nxh4
21. Qxh4 g5 22. Qf2 c5 23. g3 fxg3 24. Qxg3 c4 25. h4 cxd3 26. cxd3 h6 27. Rdf1
Rc8 28. Kb1 Qb4 29. hxg5 fxg5 30. Nd5 Bxd5 31. exd5 Qd4 32. Qh3 Qg7 33. d6 Rcd8
34. Qe6+ Kh7 35. Rxf8 Rxf8 1-0

[Event "SUI-chT Reichenstein-Mendrisio"]
[Site "?"]
[Date "2009.05.10"]
[Round "4.4"]
[White "Hort, Vlastimil"]
[Black "Mantovani, Renzo"]
[Result "1-0"]
[WhiteElo "2486"]
[BlackElo "2386"]
[PlyCount "78"]
[EventDate "2009.??.??"]
[SourceDate "2001.01.01"]

1. d4 Nf6 2. Nf3 e6 3. c4 b6 4. g3 Ba6 5. b3 Bb4+ 6. Bd2 Be7 7. Bg2 Bb7 8. O-O
c5 9. Bf4 cxd4 10. Nxd4 Bxg2 11. Kxg2 a6 12. Nc3 d6 13. Nf3 O-O 14. Qd3 Qc7 15.
Rad1 Rd8 16. Rd2 Nc6 17. Ne4 Ne5 18. Nxf6+ Bxf6 19. Qe4 Nxf3 20. exf3 Rac8 21.
Rfd1 Be7 22. a4 b5 23. axb5 axb5 24. cxb5 Qc5 25. Qb7 d5 26. Ra2 Bf6 27. Rc1
Bc3 28. b6 d4 29. Bc7 Re8 30. Rac2 f5 31. b4 Qxb4 32. Be5 Qf8 33. Bxd4 Rb8 34.
Qxb8 Rxb8 35. Rxc3 Qb4 36. Rc8+ Rxc8 37. Rxc8+ Kf7 38. Rc7+ Kg6 39. b7 f4 1-0

[Event "SUI-chT Mendrisio-Reichenstein"]
[Site "?"]
[Date "2009.05.10"]
[Round "4.5"]
[White "Aranovitch, Emiliano"]
[Black "Drabke, Lorenz"]
[Result "1/2-1/2"]
[WhiteElo "2334"]
[BlackElo "2432"]
[PlyCount "62"]
[EventDate "2009.??.??"]
[SourceDate "2001.01.01"]

1. e4 c5 2. Nf3 e6 3. d4 cxd4 4. Nxd4 a6 5. Bd3 Qb6 6. Nb3 Qc7 7. O-O Nf6 8. f4
d6 9. Qe2 Nbd7 10. c4 b6 11. Nc3 Bb7 12. Bd2 Be7 13. Rae1 Rd8 14. Bb1 h5 15. f5
Ne5 16. Bd3 Rc8 17. fxe6 fxe6 18. Nd4 Nxd3 19. Qxd3 Qxc4 20. Qxc4 Rxc4 21. Nxe6
Kf7 22. Nf4 Bd8 23. b3 Rc8 24. Nfd5 Re8 25. Bg5 Kg6 26. Bxf6 gxf6 27. Nf4+ Kh6
28. Ncd5 Re5 29. Nd3 Re6 30. N3f4 Re5 31. Nd3 Re6 1/2-1/2

[Event "SUI chT Reichenstein-Mendrisio"]
[Site "?"]
[Date "2009.05.10"]
[Round "4.6"]
[White "Kuehn, Peter"]
[Black "Patuzzo, Fabrizio"]
[Result "1-0"]
[WhiteElo "2412"]
[BlackElo "2304"]
[PlyCount "81"]
[EventDate "2009.??.??"]
[SourceDate "2001.01.01"]

1. d4 d5 2. c4 c6 3. Nc3 Nf6 4. cxd5 cxd5 5. Bg5 e6 6. e3 Be7 7. Bd3 O-O 8. Nf3
a6 9. O-O b5 10. Ne5 Bb7 11. a4 b4 12. Na2 a5 13. Nc1 Nbd7 14. Nxd7 Nxd7 15.
Bxe7 Qxe7 16. Nb3 Rfc8 17. Qe2 e5 18. Rfc1 e4 19. Bb5 Nb6 20. Rc5 Qg5 21. Rac1
Rf8 22. Qc2 f5 23. Rc7 Bc8 24. Qc5 Rb8 25. Qe7 Qxe7 26. Rxe7 Rf7 27. Rxf7 Kxf7
28. Nxa5 Ra8 29. Rc7+ Kf8 30. Nc6 Ba6 31. Bxa6 Rxa6 32. b3 Nxa4 33. bxa4 b3 34.
Rc8+ Kf7 35. Ne5+ Ke6 36. Rb8 Rxa4 37. g4 Ra3 38. Rb6+ Ke7 39. gxf5 Kd8 40. Kg2
Kc7 41. Rb5 1-0

[Event "SUI-chT Mendrisio-Reichenstein"]
[Site "?"]
[Date "2009.05.10"]
[Round "4.7"]
[White "Vezzosi, Paolo"]
[Black "Heimann, Andreas"]
[Result "1/2-1/2"]
[WhiteElo "2312"]
[BlackElo "2389"]
[PlyCount "61"]
[EventDate "2009.??.??"]
[SourceDate "2001.01.01"]

1. d4 d5 2. Nf3 Nf6 3. c4 c6 4. e3 Bf5 5. Nc3 e6 6. Nh4 Bg6 7. Qb3 Qb6 8. Nxg6
hxg6 9. Bd2 Nbd7 10. Be2 Be7 11. f4 O-O 12. Rc1 c5 13. cxd5 cxd4 14. exd4 Qxb3
15. axb3 exd5 16. Bf3 Nb6 17. Ke2 Rfd8 18. Kd3 Bb4 19. Rhe1 Rd7 20. g4 Rad8 21.
g5 Ne4 22. Bxe4 dxe4+ 23. Rxe4 Nc8 24. Be3 Nd6 25. Re5 Nf5 26. Ne2 b6 27. Bf2
Bc5 28. Re4 Nd6 29. Re5 Nf5 30. Re4 Nd6 31. Re5 1/2-1/2

[Event "SUI-chT Reichenstein-Mendrisio"]
[Site "?"]
[Date "2009.05.10"]
[Round "4.8"]
[White "Wirthensohn, Heinz"]
[Black "Salvetti, Alec"]
[Result "0-1"]
[WhiteElo "2396"]
[BlackElo "2271"]
[PlyCount "84"]
[EventDate "2009.??.??"]
[SourceDate "2001.01.01"]

1. d4 d5 2. Bf4 c6 3. e3 Qb6 4. Qc1 Bf5 5. Nf3 Nf6 6. Be2 e6 7. O-O Be7 8. c4
O-O 9. Nc3 Ne4 10. Nxe4 Bxe4 11. Nd2 Bg6 12. c5 Qd8 13. b4 Nd7 14. Qb2 Re8 15.
b5 Bf6 16. Bd6 e5 17. bxc6 bxc6 18. Nf3 exd4 19. Nxd4 Qa5 20. Nxc6 Bxb2 21.
Nxa5 Bxa1 22. Rxa1 a6 23. Nc6 Nf6 24. Ne7+ Kh8 25. Rd1 Bc2 26. Rd2 Ba4 27. Bf3
Ne4 28. Rxd5 Nxd6 29. cxd6 Bd7 30. Rd1 Rab8 31. Bd5 Rf8 32. e4 g6 33. e5 Kg7
34. f4 h5 35. Bc6 Bg4 36. Rd2 Rb4 37. g3 Rfb8 38. d7 Rd8 39. Kf2 Kf8 40. Nd5
Rc4 41. Bb7 Rxd7 42. Bxa6 Rc5 0-1

[Event "SUI-chT Wollishofen-Riehen"]
[Site "?"]
[Date "2009.05.10"]
[Round "4.2"]
[White "Prusikin, Michael"]
[Black "Brendel, Oliver"]
[Result "1-0"]
[WhiteElo "2552"]
[BlackElo "2338"]
[PlyCount "71"]
[EventDate "2009.??.??"]
[SourceDate "2001.01.01"]

1. e4 c5 2. Nf3 g6 3. d4 cxd4 4. Nxd4 Nc6 5. c4 Nf6 6. Nc3 Nxd4 7. Qxd4 d6 8.
Bg5 Bg7 9. Qd2 Be6 10. Rc1 a6 11. f3 O-O 12. b3 Rc8 13. Be2 b5 14. cxb5 axb5
15. O-O b4 16. Nb5 Qa5 17. Be3 Nd7 18. Nd4 Rxc1 19. Rxc1 Ra8 20. Rc2 Bxd4 21.
Bxd4 f6 22. Be3 Nc5 23. Qd4 Bf7 24. Bf1 Kg7 25. Bd2 Rb8 26. Qe3 Kf8 27. h3 Kg7
28. Qf2 Kf8 29. Be3 Ra8 30. Qg3 Kg7 31. e5 fxe5 32. Rxc5 Qxa2 33. Rxe5 dxe5 34.
Qxe5+ Kf8 35. Bd4 Ke8 36. Bb5+ 1-0

[Event "SUI-chT Riehen-Wollishofen"]
[Site "?"]
[Date "2009.05.10"]
[Round "4.3"]
[White "Buss, Ralph"]
[Black "Hochstrasser, Michael"]
[Result "1/2-1/2"]
[WhiteElo "2361"]
[BlackElo "2358"]
[PlyCount "95"]
[EventDate "2009.??.??"]
[SourceDate "2001.01.01"]

1. d4 Nf6 2. c4 g6 3. Nc3 Bg7 4. e4 d6 5. Be2 O-O 6. f4 c5 7. Nf3 cxd4 8. Nxd4
Nc6 9. Be3 Bg4 10. Nxc6 Bxe2 11. Nxd8 Bxd1 12. Rxd1 Rfxd8 13. Ke2 Rdc8 14. c5
dxc5 15. e5 Ng4 16. Rd7 Nxe3 17. Kxe3 f6 18. Ke4 fxe5 19. fxe5 Rf8 20. Rhd1 b6
21. Nd5 Rf2 22. Nxe7+ Kf8 23. Nc6 Re8 24. Rxa7 Bxe5 25. Nxe5 Re2+ 26. Kd3 R8xe5
27. Rf1+ Ke8 28. Rff7 b5 29. Rf3 Rxb2 30. Ra8+ Ke7 31. Ra7+ Ke8 32. Ra8+ Ke7
33. Ra7+ Ke6 34. Rf8 Rbe2 35. Re8+ Kf5 36. Rxe5+ Rxe5 37. Rxh7 Re1 38. Rb7 Rb1
39. Kc2 Rb4 40. a3 Rc4+ 41. Kb3 Ke4 42. Rxb5 Kd3 43. a4 Rc3+ 44. Ka2 Rc2+ 45.
Rb2 Rxb2+ 46. Kxb2 Kd2 47. Kb3 Kd3 48. Kb2 1/2-1/2

[Event "SUI-chT Wollishofen-Riehen"]
[Site "?"]
[Date "2009.05.10"]
[Round "4.4"]
[White "Moor, Olivier"]
[Black "Ekstroem, Roland"]
[Result "1/2-1/2"]
[WhiteElo "2368"]
[BlackElo "2516"]
[PlyCount "97"]
[EventDate "2009.??.??"]
[SourceDate "2001.01.01"]

1. d4 g6 2. c4 Bg7 3. e4 d6 4. Nc3 Nf6 5. Be2 O-O 6. Bg5 Na6 7. Qd2 e5 8. d5
Nc5 9. f3 a5 10. h4 c6 11. g4 cxd5 12. cxd5 Bd7 13. Nh3 b5 14. Bxb5 Bxb5 15.
Nxb5 Rb8 16. Qe2 a4 17. Bd2 Qd7 18. Na3 Rxb2 19. Nf2 h5 20. g5 Ne8 21. Nc4 Rb8
22. O-O Nc7 23. Be3 N7a6 24. Rab1 f6 25. Kg2 fxg5 26. hxg5 Qc7 27. Bd2 Rxb1 28.
Rxb1 Rb8 29. Ba5 Qe7 30. Rxb8+ Nxb8 31. Nh3 Bf8 32. Qb2 Qb7 33. Qxb7 Nxb7 34.
Bb4 Na6 35. Ba3 Nac5 36. Kf1 Kf7 37. Ke2 Be7 38. Kd2 Ke8 39. Kc3 Kd7 40. Bc1
Kc7 41. Be3 Na6 42. Nb2 Nbc5 43. a3 Bd8 44. Kc4 Kb7 45. Kb5 Nc7+ 46. Kc4 N7a6
47. Kb5 Nc7+ 48. Kc4 N7a6 49. Kb5 1/2-1/2

[Event "SUI-chT Riehen-Wollishofen"]
[Site "?"]
[Date "2009.05.10"]
[Round "4.5"]
[White "Kaenel, Hansjuerg"]
[Black "Gaehler, Marco"]
[Result "1/2-1/2"]
[WhiteElo "2328"]
[BlackElo "2337"]
[PlyCount "99"]
[EventDate "2009.??.??"]
[SourceDate "2001.01.01"]

1. Nf3 Nf6 2. e3 g6 3. b4 Bg7 4. Bb2 O-O 5. d4 d5 6. c4 c6 7. a4 Bf5 8. Nbd2
Nbd7 9. Be2 Ne4 10. O-O Ndf6 11. b5 a6 12. Qb3 axb5 13. axb5 Nd6 14. Rxa8 Qxa8
15. Ra1 Qb8 16. c5 Nxb5 17. Bxb5 cxb5 18. Qxb5 Qc7 19. Ra7 Rb8 20. Bc3 Nd7 21.
h3 h5 22. Nb3 Bf6 23. Be1 e5 24. dxe5 Nxe5 25. Nfd4 Bd7 26. Qe2 Qc8 27. Nb5 Nc4
28. Nc3 Bc6 29. e4 Qe6 30. exd5 Qxe2 31. Nxe2 Bxd5 32. Bc3 Bxc3 33. Nxc3 Bc6
34. Nd4 Rc8 35. Nxc6 Rxc6 36. Rxb7 Rxc5 37. Ne4 Re5 38. f3 Rf5 39. Rc7 Ne5 40.
Rc8+ Kg7 41. Nd6 Rf4 42. Ne4 Nd7 43. Rc7 Nf8 44. Kf2 Ne6 45. Ra7 h4 46. Ke3 Kg8
47. Re7 Rf5 48. Nd6 Rf6 49. Ne4 Rf5 50. Nd6 1/2-1/2

[Event "SUI-chT Wollishofen-Riehen"]
[Site "?"]
[Date "2009.05.10"]
[Round "4.6"]
[White "Moor, Roger"]
[Black "Toth, Bela"]
[Result "1-0"]
[WhiteElo "2337"]
[BlackElo "2311"]
[PlyCount "101"]
[EventDate "2009.??.??"]
[SourceDate "2001.01.01"]

1. Nf3 Nf6 2. g3 b6 3. Bg2 Bb7 4. c4 c5 5. O-O e6 6. Nc3 Be7 7. Re1 Ne4 8. d4
Nxc3 9. bxc3 Be4 10. Bf1 Bxf3 11. exf3 cxd4 12. cxd4 O-O 13. f4 Nc6 14. Be3 Rc8
15. Qa4 Qc7 16. Rac1 Bf6 17. c5 bxc5 18. Rxc5 Qd6 19. Rd1 Ne7 20. Qa6 Qxa6 21.
Bxa6 Rxc5 22. dxc5 Nd5 23. Bc1 Rd8 24. Ba3 Nc3 25. Rd3 Nd5 26. Rb3 Ne7 27. Rb7
Nc6 28. Bb5 h5 29. h3 a5 30. Rc7 Bd4 31. Bxc6 dxc6 32. Rxc6 Bc3 33. Rd6 Rc8 34.
Ra6 Bb4 35. Bxb4 axb4 36. Ra5 Kf8 37. Kf1 Ke7 38. Ke2 Rb8 39. Ra7+ Ke8 40. Kd3
b3 41. axb3 Rxb3+ 42. Kc4 Rb2 43. f3 Rc2+ 44. Kb5 Rb2+ 45. Ka6 Rb3 46. c6 Kd8
47. Rxf7 Rxf3 48. Rxg7 h4 49. gxh4 Rxf4 50. h5 Rh4 51. Kb6 1-0

[Event "SUI-chT Riehen-Wollishofen"]
[Site "?"]
[Date "2009.05.10"]
[Round "4.7"]
[White "Aumann, Wolf"]
[Black "Fierz, Martin"]
[Result "1/2-1/2"]
[WhiteElo "2328"]
[BlackElo "2304"]
[PlyCount "97"]
[EventDate "2009.??.??"]
[SourceDate "2001.01.01"]

1. c4 c6 2. g3 d5 3. Bg2 Nf6 4. Nf3 Bg4 5. Ne5 Be6 6. cxd5 Bxd5 7. Nf3 c5 8.
Nc3 Bc6 9. O-O e6 10. Re1 Nbd7 11. e4 e5 12. d3 g6 13. a3 a5 14. Nd2 Bg7 15.
Nc4 O-O 16. a4 Ne8 17. Be3 Nc7 18. Bh3 Ne6 19. Qb3 Nd4 20. Bxd4 exd4 21. Nd5
Ne5 22. Nxe5 Bxe5 23. Nb6 Rb8 24. Nc4 Bc7 25. Bg2 Re8 26. f4 b6 27. Re2 Bd7 28.
Bf3 Be6 29. Rae1 Qd7 30. e5 b5 31. axb5 Rxb5 32. Qa3 Reb8 33. Nd2 Rxb2 34. Ne4
Qb5 35. Rxb2 Qxb2 36. Qxc5 Qb4 37. Qc1 Bd8 38. Nf6+ Bxf6 39. exf6 Qc3 40. Qd1
Rb2 41. Bg4 Qd2 42. Qxd2 Rxd2 43. Bxe6 fxe6 44. Rxe6 Kf7 45. Ra6 Rxd3 46. Kf2
h5 47. h3 Rd2+ 48. Kf3 Rd3+ 49. Kf2 1/2-1/2

[Event "SUI-chT Wollishofen-Riehen"]
[Site "?"]
[Date "2009.05.10"]
[Round "4.8"]
[White "Maeser, Fabian"]
[Black "Schmidt-Schaeffer, Sebastian"]
[Result "0-1"]
[WhiteElo "2303"]
[BlackElo "2287"]
[PlyCount "80"]
[EventDate "2009.??.??"]
[SourceDate "2001.01.01"]

1. e4 d6 2. Bc4 Nf6 3. d3 Nc6 4. a3 g6 5. Nc3 Bg7 6. Ba2 O-O 7. Nge2 e5 8. O-O
Be6 9. f4 Bxa2 10. Rxa2 Nd4 11. fxe5 dxe5 12. Bg5 c6 13. Qd2 Ne6 14. Kh1 Nxg5
15. Qxg5 Ne8 16. Qxd8 Rxd8 17. b4 f5 18. g4 fxg4 19. Rxf8+ Kxf8 20. a4 Bh6 21.
b5 Nd6 22. Rb2 Ke7 23. a5 Ke6 24. a6 bxa6 25. bxc6 Rc8 26. Nd5 Rxc6 27. c4 Bg5
28. Rb8 Rc8 29. Rb1 h5 30. Kg2 a5 31. Nec3 Bd2 32. Na4 Nxc4 33. Kf2 Nd6 34. Rb2
Bb4 35. Nxb4 axb4 36. Rxb4 Rc2+ 37. Kg1 h4 38. Rb8 h3 39. Rg8 Kf6 40. Rf8+ Nf7
0-1

[Event "SUI-chT Geneve-Winterthur"]
[Site "?"]
[Date "2009.05.10"]
[Round "4.1"]
[White "Renet, Olivier"]
[Black "Jussupow, Artur"]
[Result "1/2-1/2"]
[WhiteElo "2533"]
[BlackElo "2609"]
[PlyCount "41"]
[EventDate "2009.??.??"]
[SourceDate "2001.01.01"]

1. d4 Nf6 2. c4 e6 3. Nc3 Bb4 4. f3 Nc6 5. e4 e5 6. dxe5 Nxe5 7. Bg5 Bxc3+ 8.
bxc3 h6 9. Bh4 d6 10. Qc2 O-O 11. O-O-O Ng6 12. Bf2 Be6 13. g4 Nd7 14. h4 Qf6
15. Qd2 Nb6 16. g5 hxg5 17. hxg5 Qe5 18. Bd4 Qg3 19. Bf2 Qe5 20. Bd4 Qg3 21.
Bf2 1/2-1/2

[Event "SUI-chT Winterthur-Geneve"]
[Site "?"]
[Date "2009.05.10"]
[Round "4.2"]
[White "Forster, Richard"]
[Black "Miralles, Gilles"]
[Result "1-0"]
[WhiteElo "2446"]
[BlackElo "2465"]
[PlyCount "59"]
[EventDate "2009.??.??"]
[SourceDate "2001.01.01"]

1. e4 c5 2. Nf3 Nc6 3. Nc3 d6 4. d4 cxd4 5. Nxd4 Nf6 6. Bg5 Qb6 7. Nb3 e6 8.
Bd3 a6 9. Qe2 Be7 10. O-O O-O 11. Kh1 Qc7 12. f4 b5 13. Rf3 Re8 14. Re1 b4 15.
e5 dxe5 16. fxe5 Nxe5 17. Bf4 Bd6 18. Ne4 Nxe4 19. Bxe5 Ng5 20. Re3 Bxe5 21.
Rxe5 f5 22. Rxf5 h6 23. Rxg5 hxg5 24. Qh5 Bb7 25. Bh7+ Kf8 26. Rf1+ Ke7 27.
Rf7+ Kd6 28. Rxc7 Kxc7 29. Qf7+ Kb6 30. Qf2+ 1-0

[Event "SUI-chT Geneve-Winterthur"]
[Site "?"]
[Date "2009.05.10"]
[Round "4.3"]
[White "Maze, Sebastien"]
[Black "Sutter, Oliver"]
[Result "1/2-1/2"]
[WhiteElo "2578"]
[BlackElo "2381"]
[PlyCount "130"]
[EventDate "2009.??.??"]
[SourceDate "2001.01.01"]

1. e4 Nf6 2. e5 Nd5 3. c4 Nb6 4. d4 d6 5. exd6 cxd6 6. Nc3 g6 7. h3 Bg7 8. Nf3
O-O 9. Be2 Nc6 10. O-O Bf5 11. Bg5 h6 12. Be3 d5 13. c5 Nc4 14. Bc1 b6 15. b3
N4a5 16. cxb6 axb6 17. Bf4 Be4 18. Nb5 Na7 19. Nxa7 Bxf3 20. Bxf3 Rxa7 21. Rc1
Qd7 22. Be2 g5 23. Be3 Nb7 24. Rc2 Nd6 25. Bd3 Nf5 26. Bxf5 Qxf5 27. f4 Qe4 28.
Re2 Rfa8 29. a4 b5 30. fxg5 hxg5 31. Bf2 Qg6 32. Ra2 bxa4 33. bxa4 g4 34. hxg4
Qc6 35. Qb3 Rxa4 36. Rxa4 Rxa4 37. Qb8+ Kh7 38. Be3 Qe6 39. Rf3 Ra3 40. Rh3+
Kg6 41. Qf4 Ra1+ 42. Kh2 Qd6 43. Qxd6+ exd6 44. Rh5 Ra5 45. Rf5 Rb5 46. Kg3 Rb3
47. Kf2 Rb2+ 48. Kf3 Rb5 49. Kf4 Ra5 50. g5 Rb5 51. g4 Ra5 52. Kf3 Rb5 53. Ke2
Ra5 54. Kd3 Ra3+ 55. Kd2 Ra2+ 56. Kd1 Ra3 57. Ke2 Ra2+ 58. Kf3 Ra5 59. Rf4 Ra2
60. Bc1 Ra1 61. Be3 Ra2 62. Rf5 Ra5 63. Ke2 Ra2+ 64. Kf3 Ra5 65. Ke2 Ra2+
1/2-1/2

[Event "SUI-chT Winterthur-Geneve"]
[Site "?"]
[Date "2009.05.10"]
[Round "4.4"]
[White "Kelecevic, Nedeljko"]
[Black "Fargere, Francois"]
[Result "0-1"]
[WhiteElo "2316"]
[BlackElo "2444"]
[PlyCount "88"]
[EventDate "2009.??.??"]
[SourceDate "2001.01.01"]

1. d4 d5 2. Nf3 Nf6 3. c4 c6 4. Nc3 a6 5. a4 e6 6. g3 dxc4 7. Bg2 c5 8. dxc5
Qxd1+ 9. Nxd1 Bxc5 10. Ne5 Nd5 11. Nxc4 Nc6 12. e3 Bd7 13. O-O Ke7 14. a5 Ncb4
15. e4 Nc2 16. exd5 Nxa1 17. Be3 Nb3 18. Bxc5+ Nxc5 19. d6+ Kf6 20. Nb6 Rad8
21. Ne3 Bb5 22. Rd1 Nd7 23. Nec4 Bxc4 24. Nxc4 Rb8 25. Rd4 g5 26. f4 h6 27. Rd3
Rhc8 28. Rc3 Kg7 29. fxg5 hxg5 30. h4 gxh4 31. gxh4 f5 32. b3 Kf6 33. h5 Rg8
34. Kf2 b5 35. axb6 Nxb6 36. Na5 Rbc8 37. Bc6 Nd7 38. Rg3 Rxg3 39. Kxg3 Ne5 40.
Ba4 Rc3+ 41. Kg2 Rd3 42. Nb7 Kg5 43. Kf2 Kxh5 44. Ke2 f4 0-1

[Event "SUI-chT Geneve-Winterthur"]
[Site "?"]
[Date "2009.05.10"]
[Round "4.5"]
[White "Landenbergue, Claude"]
[Black "Ballmann, Martin"]
[Result "1-0"]
[WhiteElo "2394"]
[BlackElo "2379"]
[PlyCount "61"]
[EventDate "2009.??.??"]
[SourceDate "2001.01.01"]

1. e4 g6 2. d4 Bg7 3. Nc3 d6 4. Be3 a6 5. Bd3 Nd7 6. f4 c5 7. Nf3 cxd4 8. Bxd4
e5 9. fxe5 dxe5 10. Be3 Ngf6 11. Qe2 b5 12. a4 b4 13. Na2 a5 14. c3 bxc3 15.
Nxc3 O-O 16. Rd1 Qe7 17. O-O Bb7 18. Bc4 Qb4 19. Ng5 Nc5 20. Rd6 Ncxe4 21.
Ncxe4 Nxe4 22. Rb6 Qxb6 23. Bxb6 Nxg5 24. Qd2 Ba6 25. Bxa6 Rxa6 26. Bxa5 Ne6
27. b4 e4 28. Qe2 Nc5 29. Qc4 Rc8 30. Rxf7 Kh8 31. Rc7 1-0

[Event "SUI-chT Winterthur-Geneve"]
[Site "?"]
[Date "2009.05.10"]
[Round "4.6"]
[White "Nuri, Kambez"]
[Black "Vuilleumier, Alexander"]
[Result "1/2-1/2"]
[WhiteElo "2197"]
[BlackElo "2301"]
[PlyCount "170"]
[EventDate "2009.??.??"]
[SourceDate "2001.01.01"]

1. e4 e6 2. d4 d5 3. exd5 exd5 4. Qf3 Nf6 5. h3 Be6 6. Bd3 c5 7. Ne2 c4 8. Bf5
Qd7 9. Bxe6 fxe6 10. O-O Nc6 11. b3 Be7 12. bxc4 dxc4 13. Nd2 O-O 14. c3 b5 15.
a4 Nd5 16. Qe4 b4 17. cxb4 c3 18. Nf3 Ncxb4 19. Ne5 Qc8 20. a5 Qa6 21. Nd7 Rfd8
22. Nc5 Bxc5 23. dxc5 Nd3 24. c6 Nc5 25. Qf3 Rf8 26. Qg4 Nf6 27. Qb4 Qxe2 28.
Qxc5 Ne4 29. Qe3 Qxe3 30. Bxe3 Rfc8 31. Ra4 Nd6 32. Bf4 Rxc6 33. Bxd6 Rxd6 34.
Rc4 Rd5 35. Ra1 Rf8 36. Rxc3 Rd2 37. Rf3 Rxf3 38. gxf3 Rd5 39. f4 Kf7 40. Kg2
a6 41. Ra3 Kf6 42. Kg3 Kf5 43. Ra4 Rb5 44. Ra3 Rc5 45. Ra4 Rc1 46. Ra3 Rg1+ 47.
Kf3 Rh1 48. Kg2 Rc1 49. Kg3 Rc4 50. Re3 Rc5 51. Ra3 Rb5 52. Ra4 Rb3+ 53. Kg2
Rc3 54. f3 Rc5 55. Kg3 Rc2 56. h4 Kg6 57. Rb4 Rc5 58. Rb6 Rxa5 59. Rxe6+ Kf5
60. Re7 Ra1 61. Rc7 a5 62. Rc5+ Ke6 63. Rc6+ Kd7 64. Ra6 Kc7 65. h5 Kb7 66. Re6
a4 67. h6 gxh6 68. Rxh6 a3 69. Rxh7+ Kb6 70. Rh6+ Kb5 71. Rh2 Rg1+ 72. Kh4 Rg8
73. Re2 Kc4 74. f5 Ra8 75. Ra2 Kb3 76. Ra1 Kb2 77. Re1 a2 78. f6 a1=Q 79. Rxa1
Kxa1 80. Kg5 Kb2 81. f7 Kc3 82. Kg6 Kd4 83. Kg7 Ke3 84. f8=Q Rxf8 85. Kxf8 Kxf3
1/2-1/2

[Event "SUI-chT Geneve-Winterthur"]
[Site "?"]
[Date "2009.05.10"]
[Round "4.7"]
[White "Gerber, Richard"]
[Black "Rueetschi, Urs"]
[Result "1-0"]
[WhiteElo "2357"]
[BlackElo "2311"]
[PlyCount "73"]
[EventDate "2009.??.??"]
[SourceDate "2001.01.01"]

1. d4 Nf6 2. c4 e6 3. Nc3 Bb4 4. e3 c5 5. Nge2 cxd4 6. exd4 d5 7. a3 Be7 8. c5
b6 9. b4 a5 10. Bf4 Bd7 11. Rb1 axb4 12. axb4 O-O 13. g3 bxc5 14. dxc5 Qc8 15.
Bg2 Qb7 16. O-O Bb5 17. Nxb5 Qxb5 18. Nd4 Qb7 19. Qe2 Rc8 20. Rfc1 Ra4 21. Bd2
Nc6 22. Nxc6 Rxc6 23. Qe3 Qc8 24. Bc3 Ra3 25. Ra1 Rca6 26. Bf1 Ra8 27. Bg2 h6
28. Qd2 Ne8 29. h4 R8a4 30. Rxa3 Rxa3 31. Bf1 Bf6 32. Bxf6 Nxf6 33. Qb2 Ra4 34.
b5 Ne4 35. c6 Qa8 36. b6 Ra2 37. b7 1-0